Organisational behaviour for social work (Record no. 1679922)

MARC details
000 -LEADER
fixed length control field 00546nam a22001937a 4500
005 - DATE AND TIME OF LATEST TRANSACTION
control field 20260218080245.0
008 - FIXED-LENGTH DATA ELEMENTS--GENERAL INFORMATION
fixed length control field 260218b |||||||| |||| 00| 0 eng d
037 ## - SOURCE OF ACQUISITION
Terms of availability DSWL
040 ## - CATALOGING SOURCE
Original cataloging agency DSWL
Transcribing agency DSWL
041 ## - LANGUAGE CODE
Language code of original eng
084 ## - COLON CLASSIFICATION NUMBER
Classification number X:8ObYX Q3
100 ## - MAIN ENTRY--PERSONAL NAME
Personal name Bissell,G
9 (RLIN) 1116129
245 ## - TITLE STATEMENT
Title Organisational behaviour for social work
260 ## - PUBLICATION, DISTRIBUTION, ETC.
Place of publication, distribution, etc. Bristol,
Name of publisher, distributor, etc. Policy Press,
Date of publication, distribution, etc. 2012
300 ## - PHYSICAL DESCRIPTION
Extent 186p
365 ## - TRADE PRICE
Price type code GBP
Price amount 21.99
942 ## - ADDED ENTRY ELEMENTS (KOHA)
Source of classification or shelving scheme Colon Classification (CC)
Koha item type Textual
Classification part X:8ObYX Q3
Suppress in OPAC No
Holdings
Withdrawn status Lost status Source of classification or shelving scheme Damaged status Not for loan Home library Current library Date acquired Source of acquisition Total Checkouts Full call number Barcode Date last seen Price effective from Koha item type
    Colon Classification (CC)     Department of Social Work Library Department of Social Work Library 2016-02-17 Standard Book House   X:8ObYX Q3 SW0032002 2026-02-18 2026-02-18 Textual
Copyright @ Delhi University Library System